000 01344nam a22003857a 4500
999 _c3010
_d3010
003 AR-CdUCM
008 190305b ||||| |||| 00| 0 spa d
040 _aMUNICIPALIDAD PROVINCIAL DEL CUSCO
_cBIBLIOTECA MUNICIPAL DEL CUSCO
082 _a869.56 /
_bP7
110 _aGrupo Intelectual Primero de Mayo
_910266
245 _aPrólogo del Alba /
260 _aLima :
_bMercagraph S.A.,
_c1957.
300 _aXXIX páginas ;
_c21 cm.
500 _aDonación de la familia Nieto. Dedicatoria a Luis Nieto.
650 _aAntología de poesía
_910267
650 _aPoesía peruana
_9806
650 _aPoetas del sur peruano
_910268
650 _aSiglo XX
_98
700 _aMazzi Trujillo, Víctor
_910269
700 _aBueno, Leoncio
_910270
700 _aGuerra Peñaloza, José
_910271
700 _aLoayza Gómez, Carlos
_910272
700 _aLadera Prieto, Víctor Raúl
_910273
700 _aHerrera G., Miguel
_910274
700 _aLeón Paitán, Moisés
_910275
700 _aPérez Contreras, Algemiro
_910276
700 _aInocente Alcántara, Benjamín
_910277
700 _aGonzaga Gálvez, David
_910278
700 _aSaldarriaga García, Emilio
_910279
700 _aSosa, Jorge
_910280
700 _aValladares, Danilo
_910281
700 _aArias Vivanco, Eusebio
_910282
942 _2ddc
_cLIBROS
945 _alccs